Wire+Metal: 30 Easy Metalsmithing Designs (Record no. 370218)
[ view plain ]
| 000 -LEADER | |
|---|---|
| fixed length control field | 02128nam a2200205 4500 |
| 005 - DATE AND TIME OF LATEST TRANSACTION | |
| control field | 20260202152905.0 |
| 008 - FIXED-LENGTH DATA ELEMENTS--GENERAL INFORMATION | |
| fixed length control field | 260128b |||||||| |||| 00| 0 eng d |
| 020 ## - INTERNATIONAL STANDARD BOOK NUMBER | |
| International Standard Book Number | 9781620331408 |
| 041 ## - LANGUAGE CODE | |
| Language code of text/sound track or separate title | English |
| 082 ## - DEWEY DECIMAL CLASSIFICATION NUMBER | |
| Classification number | 745.5 |
| Item number | PEC |
| 100 ## - MAIN ENTRY--PERSONAL NAME | |
| Author | Peck Denise |
| 245 ## - TITLE STATEMENT | |
| Title | Wire+Metal: 30 Easy Metalsmithing Designs |
| 260 ## - PUBLICATION, DISTRIBUTION, ETC. | |
| Name of publisher, distributor, etc. | Interweave |
| Date of publication, distribution, etc. | 2014 |
| 300 ## - PHYSICAL DESCRIPTION | |
| Extent | 143 |
| 365 ## - TRADE PRICE | |
| Price amount | 1393.23 |
| Currency code | Rs.00 |
| 520 ## - SUMMARY, ETC. | |
| Summary, etc. | Chapter 1<br/>• Metal 101<br/>• Metal Types<br/>• Metal Materials<br/>• Gauge/Size<br/>• Temper/Hardness<br/>Chapter 2 Measuring + Cutting<br/>• Measuring Tools + Methods<br/>• Cutting Tools + Methods<br/> Chapter 3 Working with Flame<br/>• Basic Tools<br/>• Annealing<br/>• Balling the End of Wire<br/>Chapter 4 Texturing<br/>• Utility Tools for Texturing<br/>• Texturing Tools<br/>Chapter 5 Forming<br/>• Forming Tools<br/>• Other Useful Tools<br/>• Forming with Wire<br/>Chapter 6 Cold Connections<br/>• Riveting Tools + Techniques<br/>• Micro Screws + Nuts<br/>• Glue<br/>• Other Useful Tools for Cold Connections<br/>Chapter 7 Patina + Color<br/>• Patina + Coloring Tools<br/>• Other Useful Tools for Patina + Color<br/>• Chapter 8 Finishing<br/>• Finishing Tools<br/>• Sealants<br/><br/>Spinner, Kristi Evenson<br/>Metal Petals, Jane Dickerson<br/>Shadow, Jane Dickerson<br/>Pink Petals, Denise Peck<br/>Ring Around the Rosy, Jane Dickerson<br/>Blue Moon, Jane Dickerson<br/>Heaven's Gate, Denise Peck<br/>Sunday Afternoon, Denise Peck<br/>Inner Vision, Jane Dickerson<br/>Eco Revival, Jane Dickerson<br/>Terra-cotta Sunset, Denise Peck<br/>Urban Cowgirl, Jane Dickerson<br/>Ticket to Ride, Kristi Evenson<br/>Three's a Crowd, Denise Peck<br/>SilverWear, Jane Dickerson<br/>Drink It All In, Cassie Donlen<br/>Saucy, Denise Peck<br/>Calliope, Denise Peck<br/>Doorknocker, Keirsten Giles<br/>Band It!, Cassie Donlen<br/>Cummerbund, Kerry Bogert<br/>Corbel, Keirsten Giles<br/>Shattered, Denise Peck<br/>Sedona, Keirsten Giles<br/>Impression, Kerry Bogert<br/>Enchanted, Cassie Donlen<br/>Bubbles, Denise Peck<br/>Camelot, Jane Dickerson<br/>Loose Change, Keirsten Giles<br/>Silk Road, Keirsten Giles<br/><br/> |
| 650 ## - SUBJECT ADDED ENTRY--TOPICAL TERM | |
| Topical term or geographic name entry element | Jewellery |
| 700 ## - ADDED ENTRY--PERSONAL NAME | |
| Personal name | Dickerson Jane |
| 942 ## - ADDED ENTRY ELEMENTS (KOHA) | |
| Koha item type | Books |
| Withdrawn status | Lost status | Source of classification or shelving scheme | Damaged status | Not for loan | Home library | Current library | Date acquired | Vendor | Net Price | Bill number | Total Checkouts | Full call number | Barcode | Date last seen | Discount | Actual Price | Bill Date | Koha item type |
|---|---|---|---|---|---|---|---|---|---|---|---|---|---|---|---|---|---|---|
| Dewey Decimal Classification | School of Fashion Technology | School of Fashion Technology | 27/01/2026 | Design Book Studio | 1393.23 | 281 | 745.5 PEC | SOFT-BK-4895 | 28/01/2026 | 33% | 2079.45 | 12/12/2025 | Books |